Transistor circuit analysis and design,

保存先:
書誌詳細
第一著者: Fitchen, Franklin C
フォーマット: 図書
言語:English
出版事項: Princeton, N.J. 1967
シリーズ:The Van Nostrand series in electronics and communications
主題:
タグ: タグ追加
タグなし, このレコードへの初めてのタグを付けませんか!

MARC

LEADER 00000nam a2200000Ia 4500
003 000590
005 20221231143840.0
008 140116s9999 njua 000 ||eng d
040 |c cru CEDI 
082 |a  621.381.5 F544t2 
100 |a Fitchen, Franklin C  |9 19084 
245 |a Transistor circuit analysis and design,  
260 |c  1967  |a Princeton, N.J. 
440 |a  The Van Nostrand series in electronics and communications  |9 19199 
650 |x CIRCUITOS DE TRANSISTORES  |9 19200 
942 |2 ddc  |c BK 
999 |c 13182  |d 13182